000 00389nam a2200145Ia 4500
008 100122s9999 xx 000 0 und d
082 _b43945
_a821
100 _aकुसुमाग्रज
245 _aपाथेय
260 _bपॉप्युलर प्रकाशन
_c1989
300 _a95
630 _aपाथेय
730 _aपाथेय
942 _cBOOK
999 _c423844
_d423841